Największe skocznie narciarskie według nazwy - Statystyki

Ogólne statystyki
  • Ten quiz został rozwiązany 140 razy
  • Średni wynik to 5 z 10
Statystyki odpowiedzi
Miejsce Punkt HS m Miejscowość Nazwa % Poprawnych
1. 240 Planica Letalnica bratov Gorišek
85%
1. 240 Vikersund Vikersundbakken
80%
8. 140 Zakopane Wielka Krokiew
78%
3. 235 Bad Mitterndorf | Tauplitz Kulm-Skiflugschanze
63%
6. 142 Ruka Rukatunturi
63%
5. 147 Willingen Mühlenkopfschanze
26%
3. 235 Oberstdorf Heini-Klopfer-Schanze
24%
8. 140 Klingenthal Sparkasse Vogtland Arena
19%
6. 142 Titisee-Neustadt Hochfirstschanze
14%
8. 140 Whistler Whistler Olympic Park Ski Jumps
10%
Nie znaleziono quizów pasujących do podanych kryteriów
Rozkład punktacji
Procent ludzi z każdym wynikiem
Percentyl według liczby udzielonych odpowiedzi
Twoja historia wyników
Nie rozwiązałeś tego quizu